000 01077nam a22001937a 4500
999 _c57957
_d57957
003 Ge_BSU
005 20210408124719.0
008 210408s1986 ge ||||| |||| 00| 0 geo d
041 _ageo
080 _a611(075.8) კ-43
100 _aკაციტაძე, ზურაბ
_911176
245 _aადამიანის ანატომია :
_bპირველი ნაწილი : სახელმძღვანელო სამედიცინო ინსტიტუტის პედიატრიის ფაკულტეტის სტუდენტებისათვის /
_cზურაბ კაციტაძე ; რედაქტორი: ნ. ავახიშვილი.
264 _aთბილისი :
_bგანათლება ,
_c1986.
300 _a638 გვ. :
_b ილ.
_c26 სმ.
653 _aადამიანის ანატომია
653 _aმედიცინა
700 _a ჯავახიშვილი, ნ.
_eრედაქტორი
_911177
942 _2udc
_cBK